| 000 | 00457nam a2200193Ia 4500 | ||
|---|---|---|---|
| 003 | OSt | ||
| 005 | 20231211113955.0 | ||
| 008 | 210210b1991 xxu||||| |||| 00| 0 eng d | ||
| 040 | _cAL | ||
| 041 | _aEnglish | ||
| 082 | _a621.388 DEWP | ||
| 100 |
_aDEWAN (N K). _9144733 |
||
| 245 | _aPractical T V servicing. | ||
| 260 |
_aNew Heights _bNot Mentioned _c1991 |
||
| 300 | _avii,264 | ||
| 690 |
_aTelevision _9144734 |
||
| 906 | _a047148 | ||
| 942 |
_2ddc _cBK |
||
| 999 |
_c96224 _d96224 |
||